[Event "Madrid ch Veteranos 2324"]
[Site "Madrid ESP"]
[Date "2024.03.15"]
[Round "5.3"]
[White "Alonso Abad, Enrique"]
[Black "Herrero Reques, Sergio"]
[Result "1/2-1/2"]
[WhiteElo "1939"]
[BlackElo "2008"]
[PlyCount "66"]
[EventDate "2024.03.11"]
[EventType "swiss"]
[EventRounds "9"]
[EventCountry "ESP"]
[SourceTitle "Ajedrez en Madrid"]
[Source "lmi"]
[SourceDate "2024.03.11"]
[SourceVersion "1"]
[SourceVersionDate "2024.03.23"]
[SourceQuality "1"]

1. d4 Nf6 2. Bf4 d5 3. e3 e6 4. Nd2 Bd6 5. Bg3 O-O 6. Ngf3 c5 7. c3 Qc7 8. dxc5
Qxc5 9. Bd3 Nbd7 10. O-O Bxg3 11. hxg3 e5 12. e4 dxe4 13. Nxe4 Qc7 14. Qe2 Re8
15. Rad1 Nxe4 16. Bxe4 Nf6 17. Rfe1 Bg4 18. Qc2 g6 19. Rd2 Rad8 20. Rxd8 Rxd8
21. Bd3 Re8 22. Ng5 Kg7 23. Ne4 Nxe4 24. Bxe4 Be6 25. Qa4 b5 26. Qxb5 Rb8 27.
Qe2 Bxa2 28. Bd3 f6 29. Ra1 Bd5 30. c4 Bf7 31. Qe3 a5 32. Qd2 Rd8 33. Qc3 Qd6
1/2-1/2

[Event "Madrid ch Veteranos 2324"]
[Site "Madrid ESP"]
[Date "2024.03.15"]
[Round "5.4"]
[White "Ruiz Bellon, Manuel"]
[Black "Gonzalez Rivera, Eduardo"]
[Result "1-0"]
[WhiteElo "1932"]
[BlackElo "1999"]
[PlyCount "61"]
[EventDate "2024.03.11"]
[EventType "swiss"]
[EventRounds "9"]
[EventCountry "ESP"]
[SourceTitle "Ajedrez en Madrid"]
[Source "lmi"]
[SourceDate "2024.03.11"]
[SourceVersion "1"]
[SourceVersionDate "2024.03.23"]
[SourceQuality "1"]

1. Nf3 d5 2. g3 Nf6 3. Bg2 c6 4. c4 dxc4 5. b3 cxb3 6. Qxb3 e6 7. Bb2 Be7 8.
Nc3 O-O 9. O-O Nbd7 10. d4 Re8 11. e4 b5 12. e5 Nd5 13. Ne4 N5b6 14. h4 f5 15.
exf6 Nxf6 16. Ne5 Bd7 17. Nxc6 Qc7 18. Nxe7+ Rxe7 19. Nxf6+ gxf6 20. Bxa8 Nxa8
21. Qf3 Bc6 22. d5 Bxd5 23. Qxf6 e5 24. Rad1 Nb6 25. Qg5+ Kf7 26. Rfe1 Re6 27.
Bxe5 Qc6 28. Qg7+ Ke8 29. Qh8+ Kd7 30. Qxh7+ Kc8 31. Qxa7 1-0

[Event "Madrid ch Veteranos 2324"]
[Site "Madrid ESP"]
[Date "2024.03.15"]
[Round "5.5"]
[White "Pashov, Spas Nikolov"]
[Black "Martin Rodriguez, Emilio"]
[Result "0-1"]
[WhiteElo "1881"]
[BlackElo "1998"]
[PlyCount "96"]
[EventDate "2024.03.11"]
[EventType "swiss"]
[EventRounds "9"]
[EventCountry "ESP"]
[SourceTitle "Ajedrez en Madrid"]
[Source "lmi"]
[SourceDate "2024.03.11"]
[SourceVersion "1"]
[SourceVersionDate "2024.03.23"]
[SourceQuality "1"]

1. e4 c6 2. d4 d5 3. exd5 cxd5 4. c4 Nf6 5. Nc3 g6 6. Qb3 Bg7 7. Nf3 O-O 8.
cxd5 Na6 9. Bf4 Qb6 10. Bc4 Qxb3 11. Bxb3 Nb4 12. Ne5 Rd8 13. d6 e6 14. O-O-O
Nbd5 15. Bg3 Nxc3 16. bxc3 Ne4 17. d7 Bxd7 18. Nxd7 Rxd7 19. Kb2 Rc8 20. Rc1 e5
21. dxe5 Rd2+ 22. Rc2 Rxc2+ 23. Kxc2 Nxg3 24. fxg3 Bxe5 25. c4 Kg7 26. Rd1 Rc7
27. Rd5 f6 28. Kd3 h5 29. Ba4 h4 30. gxh4 Bxh2 31. Rd7+ Rxd7+ 32. Bxd7 Bg3 33.
Ke4 Bxh4 34. Bc8 b6 35. Kd5 Bf2 36. Ba6 f5 37. Ke5 Kf7 38. g4 fxg4 39. Bb7 g3
40. Bd5+ Ke7 41. Be4 Be3 42. Bd5 g5 43. Bf3 Bf4+ 44. Kf5 Kd6 45. Ke4 Kc5 46.
Kd3 Kb4 47. Bd5 Ka3 48. Kd4 Bd6 0-1

[Event "Madrid ch Veteranos 2324"]
[Site "Madrid ESP"]
[Date "2024.03.15"]
[Round "5.7"]
[White "Cabanas Bravo, Juan Andres"]
[Black "Pastor Alonso De Prado, Alberto"]
[Result "0-1"]
[WhiteElo "1927"]
[BlackElo "1951"]
[PlyCount "92"]
[EventDate "2024.03.11"]
[EventType "swiss"]
[EventRounds "9"]
[EventCountry "ESP"]
[SourceTitle "Ajedrez en Madrid"]
[Source "lmi"]
[SourceDate "2024.03.11"]
[SourceVersion "1"]
[SourceVersionDate "2024.03.23"]
[SourceQuality "1"]

1. e4 c6 2. Nc3 d5 3. Nf3 dxe4 4. Ng5 Nf6 5. Bc4 e6 6. O-O Bd6 7. Ncxe4 Nxe4 8.
Nxe4 Bxh2+ 9. Kxh2 Qh4+ 10. Kg1 Qxe4 11. d3 Qg6 12. Re1 Nd7 13. Re3 h6 14. Rg3
Qf6 15. Bd2 Qxb2 16. Qe1 Qe5 17. Re3 Qh5 18. Bc3 Nf8 19. Bxg7 Rg8 20. Qc3 Bd7
21. Rb1 b6 22. Be5 c5 23. Bb5 Rg4 24. Bg3 Qd5 25. Qh8 Bxb5 26. Rxb5 O-O-O 27.
c4 Rxc4 28. dxc4 Qd1+ 29. Kh2 Qh5+ 30. Bh4 Qxh4+ 31. Rh3 Qxf2 32. Qxh6 Ng6 33.
Rf3 Qe2 34. Rxf7 Qe5+ 35. g3 Qe2+ 36. Kh3 Rh8 37. Rh7 Nf4+ 38. gxf4 Qd3+ 39.
Kg2 Qe4+ 40. Kg3 Rxh7 41. Qf8+ Kc7 42. Rb3 Qe1+ 43. Kg2 Qh1+ 44. Kf2 Rh2+ 45.
Ke3 Rh3+ 46. Kd2 Qg2+ 0-1

[Event "Madrid ch Veteranos 2324"]
[Site "Madrid ESP"]
[Date "2024.03.15"]
[Round "5.8"]
[White "Sanchez Garcia, Aurelio"]
[Black "Vazquez Gonzalez, Francisco"]
[Result "1-0"]
[WhiteElo "1951"]
[BlackElo "1918"]
[PlyCount "43"]
[EventDate "2024.03.11"]
[EventType "swiss"]
[EventRounds "9"]
[EventCountry "ESP"]
[SourceTitle "Ajedrez en Madrid"]
[Source "lmi"]
[SourceDate "2024.03.11"]
[SourceVersion "1"]
[SourceVersionDate "2024.03.23"]
[SourceQuality "1"]

1. Nf3 f5 2. d3 d6 3. e4 e5 4. Nc3 Nf6 5. exf5 Bxf5 6. d4 e4 7. Nh4 Bg4 8. Be2
Bxe2 9. Qxe2 d5 10. Bg5 Be7 11. Nf5 g6 12. Nxe7 Kxe7 13. f3 Kf7 14. fxe4 dxe4
15. Nxe4 Nbd7 16. O-O Re8 17. Qf3 Re6 18. Bxf6 Rxf6 19. Nxf6 Nxf6 20. c3 Qd6
21. Rae1 Kg7 22. Qf4 1-0

[Event "Madrid ch Veteranos 2324"]
[Site "Madrid ESP"]
[Date "2024.03.15"]
[Round "5.9"]
[White "Villares Galiano, Luis"]
[Black "Ramos Fernandez, Pedro"]
[Result "0-1"]
[WhiteElo "1890"]
[BlackElo "1981"]
[PlyCount "98"]
[EventDate "2024.03.11"]
[EventType "swiss"]
[EventRounds "9"]
[EventCountry "ESP"]
[SourceTitle "Ajedrez en Madrid"]
[Source "lmi"]
[SourceDate "2024.03.11"]
[SourceVersion "1"]
[SourceVersionDate "2024.03.23"]
[SourceQuality "1"]

1. d4 Nf6 2. Nc3 d5 3. Bg5 c6 4. Qd2 Nbd7 5. f3 h6 6. Bh4 b5 7. a4 b4 8. Na2 a5
9. Nc1 Ba6 10. b3 c5 11. dxc5 e6 12. Nd3 Nxc5 13. Bf2 Qc7 14. Bd4 Bd6 15. Nxc5
Bxc5 16. O-O-O Bxd4 17. Qxd4 Rc8 18. Rd2 e5 19. Qb2 d4 20. Nh3 O-O 21. g4 Nd5
22. e4 Bxf1 23. Rxf1 Nc3 24. Nf2 Rfe8 25. Nd3 Re6 26. Rff2 Qe7 27. Qa1 Qg5 28.
Kb2 Qe3 29. h4 Rce8 30. Qh1 g6 31. Qa1 Kf8 32. Qh1 Ke7 33. h5 Kd6 34. Qf1 gxh5
35. gxh5 Qg5 36. Ne1 Ke7 37. Qc4 Qe3 38. Nd3 Rg8 39. Qc5+ Kf6 40. Rg2 Rxg2 41.
Rxg2 Qxf3 42. Nxe5 Rxe5 43. Qd6+ Re6 44. Qxd4+ Ke7 45. Qc5+ Rd6 46. Qc7+ Ke6
47. Qc8+ Ke5 48. Qc5+ Nd5 49. Rf2 Qc3+ 0-1

[Event "Madrid ch Veteranos 2324"]
[Site "Madrid ESP"]
[Date "2024.03.15"]
[Round "5.10"]
[White "Unciti Juan, Javier"]
[Black "Gil Sierra, Jacinto"]
[Result "0-1"]
[WhiteElo "1959"]
[BlackElo "1877"]
[PlyCount "124"]
[EventDate "2024.03.11"]
[EventType "swiss"]
[EventRounds "9"]
[EventCountry "ESP"]
[SourceTitle "Ajedrez en Madrid"]
[Source "lmi"]
[SourceDate "2024.03.11"]
[SourceVersion "1"]
[SourceVersionDate "2024.03.23"]
[SourceQuality "1"]

1. e4 c5 2. c3 Nf6 3. e5 Nd5 4. c4 Nb6 5. b4 d6 6. exd6 exd6 7. Bb2 Qe7+ 8. Qe2
Qxe2+ 9. Bxe2 Na4 10. Bc1 Be7 11. Bd1 Bd7 12. Bxa4 Bxa4 13. Nc3 Bc6 14. Nge2
Bf6 15. bxc5 dxc5 16. O-O Nd7 17. Re1 O-O-O 18. Ba3 b6 19. f4 Rhe8 20. Rac1 Nf8
21. Rcd1 Bxc3 22. Nxc3 Rxe1+ 23. Rxe1 Rxd2 24. Nd5 Bxd5 25. cxd5 Kd7 26. Bc1
Rxa2 27. f5 h6 28. Bf4 g5 29. Bb8 Nh7 30. d6 Nf6 31. Re7+ Kc8 32. Bxa7 Nd7 33.
Bxb6 Nxb6 34. Rc7+ Kd8 35. Rxc5 Rd2 36. Rc7 Nd7 37. Rc6 Ne5 38. Ra6 Kd7 39. h3
Rxd6 40. Ra7+ Ke8 41. Kf2 h5 42. Ke3 Nd7 43. h4 gxh4 44. Ra4 Rd5 45. Kf4 f6 46.
Ra8+ Ke7 47. Rh8 Rd4+ 48. Ke3 Rg4 49. Rxh5 Rg5 50. Rh7+ Kd6 51. Rxh4 Rxf5 52.
Ra4 Rb5 53. Kf4 Ke6 54. Ra6+ Nb6 55. g4 Rb4+ 56. Kf3 Ke5 57. Ra5+ Nd5 58. Ra3
Rc4 59. Ra5 Rc3+ 60. Kf2 Rd3 61. Ke2 Rg3 62. Ra7 Nc3+ 0-1

[Event "Madrid ch Veteranos 2324"]
[Site "Madrid ESP"]
[Date "2024.03.15"]
[Round "5.11"]
[White "Lopez de Turiso Sanchez, Jose An"]
[Black "Vukotic Jovsic, Dragan"]
[Result "1-0"]
[WhiteElo "1940"]
[BlackElo "1882"]
[PlyCount "66"]
[EventDate "2024.03.11"]
[EventType "swiss"]
[EventRounds "9"]
[EventCountry "ESP"]
[SourceTitle "Ajedrez en Madrid"]
[Source "lmi"]
[SourceDate "2024.03.11"]
[SourceVersion "1"]
[SourceVersionDate "2024.03.23"]
[SourceQuality "1"]

1. c4 e6 2. e4 c5 3. Nc3 Nc6 4. Nf3 Nd4 5. d3 d6 6. g3 Qf6 7. Bg2 Bd7 8. Nxd4
Qxd4 9. Be3 Qf6 10. Qd2 Be7 11. e5 Qxe5 12. Bxb7 Rb8 13. Bg2 Nf6 14. O-O O-O
15. d4 Qh5 16. f3 Rfd8 17. Qf2 cxd4 18. Bxd4 a6 19. Ne2 e5 20. Bc3 Rdc8 21. Qa7
d5 22. Qxa6 Bc5+ 23. Kh1 d4 24. g4 Qg6 25. b4 dxc3 26. bxc5 Rb2 27. Ng3 c2 28.
Rac1 Rb1 29. c6 Rxc6 30. Qa4 Rcb6 31. Qxc2 Qxc2 32. Rxc2 Bc6 33. Kg1 R1b2 1-0

[Event "Madrid ch Veteranos 2324"]
[Site "Madrid ESP"]
[Date "2024.03.15"]
[Round "5.12"]
[White "Vazquez Gonzalez, Jesus"]
[Black "Garcia Galeote, Lorenzo"]
[Result "0-1"]
[WhiteElo "1939"]
[BlackElo "1860"]
[PlyCount "42"]
[EventDate "2024.03.11"]
[EventType "swiss"]
[EventRounds "9"]
[EventCountry "ESP"]
[SourceTitle "Ajedrez en Madrid"]
[Source "lmi"]
[SourceDate "2024.03.11"]
[SourceVersion "1"]
[SourceVersionDate "2024.03.23"]
[SourceQuality "1"]

1. e4 Nc6 2. d4 d5 3. e5 f6 4. f4 Bf5 5. c3 e6 6. Bd3 Nh6 7. Nf3 Be7 8. O-O O-O
9. b4 Be4 10. exf6 Bxf6 11. Bxe4 dxe4 12. Ne5 Bxe5 13. fxe5 Rxf1+ 14. Qxf1 Nxd4
15. Bxh6 gxh6 16. Na3 Nf5 17. Rd1 Qg5 18. Qc4 Ne3 19. Qxe6+ Kh8 20. Rd2 Rf8 21.
Rf2 Qxg2+ 0-1

[Event "Madrid ch Veteranos 2324"]
[Site "Madrid ESP"]
[Date "2024.03.15"]
[Round "5.13"]
[White "Ubillus Carrasco, Javier"]
[Black "Largo Barbero, Benito"]
[Result "0-1"]
[WhiteElo "1879"]
[BlackElo "1897"]
[PlyCount "90"]
[EventDate "2024.03.11"]
[EventType "swiss"]
[EventRounds "9"]
[EventCountry "ESP"]
[SourceTitle "Ajedrez en Madrid"]
[Source "lmi"]
[SourceDate "2024.03.11"]
[SourceVersion "1"]
[SourceVersionDate "2024.03.23"]
[SourceQuality "1"]

1. e4 c6 2. Nf3 d6 3. Nc3 g6 4. d4 Bg7 5. Bc4 Nf6 6. h3 O-O 7. Qe2 e6 8. Bg5
Qb6 9. Bb3 Nbd7 10. Rd1 e5 11. O-O h6 12. Be3 Qc7 13. Nh4 Kh7 14. Qf3 exd4 15.
Bxd4 Ne5 16. Qe2 Nh5 17. Be3 Qe7 18. Nf3 Nxf3+ 19. Qxf3 f5 20. exf5 Bxf5 21.
Qe2 Bd7 22. Qd2 d5 23. Rfe1 Qh4 24. Bc5 Rf7 25. Re2 Nf4 26. Re3 Ne6 27. Rxe6
Bxe6 28. Ne2 b6 29. Be3 Rd8 30. c3 Be5 31. f4 Bc7 32. Rf1 c5 33. Bf2 Qf6 34.
Bg3 b5 35. Bc2 d4 36. cxd4 cxd4 37. Bd3 Bc4 38. b3 Bxd3 39. Qxd3 Qf5 40. Qd2
Bb6 41. Kh1 d3 42. Nc1 Rc7 43. Rd1 Rc2 44. Qb4 Qd5 45. Qe7+ Kg8 0-1

[Event "Madrid ch Veteranos 2324"]
[Site "Madrid ESP"]
[Date "2024.03.15"]
[Round "5.14"]
[White "Ruiz Quevedo, Andres"]
[Black "Garcia Martin, Esteban"]
[Result "0-1"]
[WhiteElo "1865"]
[BlackElo "1895"]
[PlyCount "60"]
[EventDate "2024.03.11"]
[EventType "swiss"]
[EventRounds "9"]
[EventCountry "ESP"]
[SourceTitle "Ajedrez en Madrid"]
[Source "lmi"]
[SourceDate "2024.03.11"]
[SourceVersion "1"]
[SourceVersionDate "2024.03.23"]
[SourceQuality "1"]

1. Nf3 c5 2. c4 Nc6 3. g3 g6 4. Bg2 Bg7 5. Nc3 e5 6. O-O Nge7 7. d3 O-O 8. Bg5
h6 9. Bxe7 Nxe7 10. Ne1 d6 11. Nc2 Rb8 12. b4 f5 13. Nd5 Nxd5 14. Bxd5+ Kh7 15.
Rb1 f4 16. bxc5 dxc5 17. Ne1 Bh3 18. Bg2 Bxg2 19. Kxg2 Qe7 20. f3 fxg3 21. hxg3
b6 22. Nc2 Rbd8 23. Ne3 e4 24. fxe4 Rxf1 25. Qxf1 Rf8 26. Qe1 Qg5 27. Nd5 Be5
28. e3 Qg4 29. Nf4 g5 30. Qe2 Rxf4 0-1

[Event "Madrid ch Veteranos 2324"]
[Site "Madrid ESP"]
[Date "2024.03.15"]
[Round "5.15"]
[White "Prada Lopez, Miguel Angel"]
[Black "Martin-Consuegra Barrilero, Javi"]
[Result "1/2-1/2"]
[WhiteElo "2048"]
[BlackElo "1825"]
[PlyCount "48"]
[EventDate "2024.03.11"]
[EventType "swiss"]
[EventRounds "9"]
[EventCountry "ESP"]
[SourceTitle "Ajedrez en Madrid"]
[Source "lmi"]
[SourceDate "2024.03.11"]
[SourceVersion "1"]
[SourceVersionDate "2024.03.23"]
[SourceQuality "1"]

1. Nf3 Nf6 2. b3 d6 3. Bb2 e5 4. d3 Be7 5. g3 c6 6. Bg2 O-O 7. O-O a5 8. a3 Na6
9. Nbd2 Nc5 10. e4 Ne6 11. d4 exd4 12. Nxd4 Nxd4 13. Bxd4 d5 14. exd5 Nxd5 15.
c4 Nf6 16. Nf3 Bg4 17. Bb2 Qxd1 18. Raxd1 Rfd8 19. h3 Bf5 20. Nd4 Bg6 21. Rfe1
Bc5 22. g4 Bxd4 23. Rxd4 Rxd4 24. Bxd4 Re8 1/2-1/2

[Event "Madrid ch Veteranos 2324"]
[Site "Madrid ESP"]
[Date "2024.03.15"]
[Round "5.16"]
[White "Rodriguez Rodriguez, Ricardo"]
[Black "Lorenzo Bailador, Alfredo"]
[Result "0-1"]
[WhiteElo "1786"]
[BlackElo "1935"]
[PlyCount "72"]
[EventDate "2024.03.11"]
[EventType "swiss"]
[EventRounds "9"]
[EventCountry "ESP"]
[SourceTitle "Ajedrez en Madrid"]
[Source "lmi"]
[SourceDate "2024.03.11"]
[SourceVersion "1"]
[SourceVersionDate "2024.03.23"]
[SourceQuality "1"]

1. Nf3 d5 2. d4 Bf5 3. c4 e6 4. Nc3 Nf6 5. e3 c6 6. a3 Nbd7 7. h3 h6 8. Be2 Ne4
9. Bd2 Be7 10. Nxe4 Bxe4 11. c5 O-O 12. O-O b6 13. b4 a5 14. bxa5 bxc5 15. Bc3
c4 16. Nd2 Bg6 17. e4 Bd6 18. f4 Bc7 19. f5 exf5 20. exf5 Bh7 21. Qa4 Bxa5 22.
Bxa5 Qxa5 23. Qxa5 Rxa5 24. Rf3 Rfa8 25. g4 g6 26. Kf2 Kg7 27. Bd1 Rb5 28. Rb1
gxf5 29. gxf5 Nf6 30. Bc2 Ne8 31. Kg3 Kf6 32. a4 Rxb1 33. Nxb1 Nd6 34. Ra3 Bxf5
35. Rf3 Kg6 36. Bxf5+ Nxf5+ 0-1

[Event "Madrid ch Veteranos 2324"]
[Site "Madrid ESP"]
[Date "2024.03.15"]
[Round "5.17"]
[White "Jimenez Manzano, Emiliano"]
[Black "Marin Aso, Jose Luis"]
[Result "0-1"]
[WhiteElo "1732"]
[BlackElo "1929"]
[PlyCount "119"]
[EventDate "2024.03.11"]
[EventType "swiss"]
[EventRounds "9"]
[EventCountry "ESP"]
[SourceTitle "Ajedrez en Madrid"]
[Source "lmi"]
[SourceDate "2024.03.11"]
[SourceVersion "1"]
[SourceVersionDate "2024.03.23"]
[SourceQuality "1"]

1. e4 c5 2. Nf3 Nc6 3. d4 cxd4 4. Nxd4 e5 5. Nf3 Nf6 6. Nc3 Bb4 7. Bd3 d5 8.
O-O d4 9. Ne2 O-O 10. Ng3 Re8 11. a3 Bf8 12. Bd2 g6 13. h3 Bg7 14. Qc1 Qd6 15.
Bh6 Qf8 16. Bxg7 Qxg7 17. b4 Bd7 18. Qg5 Rac8 19. Rac1 h6 20. Qd2 Nh7 21. Kh2
Nf8 22. Ng1 Ne6 23. N1e2 Red8 24. f4 exf4 25. Nxf4 Nxf4 26. Qxf4 Ne5 27. Ne2
Be6 28. Qf2 Kh7 29. Nf4 Rd6 30. Qg3 Rdc6 31. Ra1 Rc3 32. Ne2 Nxd3 33. Nxc3 Nb2
34. Rac1 Rxc3 35. Qf4 g5 36. Qf2 Qe5+ 37. Kh1 Qxe4 38. Rb1 Na4 39. Rfe1 Rxh3+
40. Kg1 Re3 41. Rxe3 dxe3 42. Qf3 Qxc2 43. Re1 Qf2+ 44. Qxf2 exf2+ 45. Kxf2 Nb2
46. Re4 Nc4 47. a4 Kg6 48. g4 Kf6 49. a5 Ne5 50. b5 Nxg4+ 51. Kf3 h5 52. Rd4 h4
53. Kg2 Ne3+ 54. Kh2 g4 55. Rd8 g3+ 56. Kg1 h3 57. b6 axb6 58. axb6 h2+ 59. Kh1
Bd5+ 60. Rxd5 0-1

[Event "Madrid ch Veteranos 2324"]
[Site "Madrid ESP"]
[Date "2024.03.15"]
[Round "5.18"]
[White "Martinez Pintor, Juan"]
[Black "Martin Garcia, Luis I"]
[Result "1-0"]
[WhiteElo "1728"]
[BlackElo "1894"]
[PlyCount "81"]
[EventDate "2024.03.11"]
[EventType "swiss"]
[EventRounds "9"]
[EventCountry "ESP"]
[SourceTitle "Ajedrez en Madrid"]
[Source "lmi"]
[SourceDate "2024.03.11"]
[SourceVersion "1"]
[SourceVersionDate "2024.03.23"]
[SourceQuality "1"]

1. d4 d5 2. c4 e5 3. dxe5 d4 4. Nf3 Nc6 5. Nbd2 Nge7 6. Nb3 Ng6 7. Nbxd4 Bc5 8.
e3 Ncxe5 9. Nxe5 Nxe5 10. Be2 Qg5 11. g3 Qf6 12. Nf3 Be6 13. Nxe5 Qxe5 14. Qb3
O-O-O 15. Bd2 Qe4 16. f3 Qf5 17. O-O-O Bd7 18. e4 Qe6 19. Be3 Ba4 20. Rxd8+
Rxd8 21. Qc3 Qd6 22. Bxc5 Qxc5 23. b3 Qa3+ 24. Kb1 f6 25. Qa5 b6 26. Qxa4 Qxa4
27. bxa4 Rd2 28. Bd1 Kb7 29. Bc2 Rf2 30. f4 Re2 31. f5 Kc6 32. Kb2 a5 33. g4
Rg2 34. h3 h5 35. gxh5 Rg3 36. Rh2 Kc5 37. Bd1 Re3 38. Rg2 Rxe4 39. Rxg7 Kd6
40. Bg4 Rxc4 41. h6 1-0

[Event "Madrid ch Veteranos 2324"]
[Site "Madrid ESP"]
[Date "2024.03.15"]
[Round "5.19"]
[White "Rodriguez Valdeavero, Julio Cesa"]
[Black "Gimenez Buiza, Fernando"]
[Result "1-0"]
[WhiteElo "1887"]
[BlackElo "1824"]
[PlyCount "47"]
[EventDate "2024.03.11"]
[EventType "swiss"]
[EventRounds "9"]
[EventCountry "ESP"]
[SourceTitle "Ajedrez en Madrid"]
[Source "lmi"]
[SourceDate "2024.03.11"]
[SourceVersion "1"]
[SourceVersionDate "2024.03.23"]
[SourceQuality "1"]

1. Nf3 d5 2. c4 c6 3. d4 Nf6 4. e3 Bf5 5. Nc3 e6 6. Be2 Bd6 7. O-O O-O 8. Nh4
Be4 9. Nxe4 Nxe4 10. Nf3 Nd7 11. Bd3 f5 12. b3 Rf6 13. Bb2 Qc7 14. c5 Be7 15.
b4 Rh6 16. g3 Qd8 17. Nd2 Qe8 18. Nxe4 fxe4 19. Be2 Nf6 20. a4 Qg6 21. Kg2 Qf5
22. Rh1 Rf8 23. Qd2 Ng4 24. Raf1 1-0

[Event "Madrid ch Veteranos 2324"]
[Site "Madrid ESP"]
[Date "2024.03.15"]
[Round "5.20"]
[White "Perez Pascual, Arturo"]
[Black "Lopez Molina, Santiago Jorge"]
[Result "0-1"]
[WhiteElo "1710"]
[BlackElo "1881"]
[PlyCount "110"]
[EventDate "2024.03.11"]
[EventType "swiss"]
[EventRounds "9"]
[EventCountry "ESP"]
[SourceTitle "Ajedrez en Madrid"]
[Source "lmi"]
[SourceDate "2024.03.11"]
[SourceVersion "1"]
[SourceVersionDate "2024.03.23"]
[SourceQuality "1"]

1. e4 Nf6 2. e5 Nd5 3. d4 d6 4. c4 Nb6 5. exd6 cxd6 6. Nc3 g6 7. Nf3 Bg7 8. Be2
O-O 9. h3 Nc6 10. Be3 e5 11. c5 exd4 12. Nxd4 Nxd4 13. Bxd4 dxc5 14. Bxc5 Re8
15. Qxd8 Rxd8 16. O-O Bf5 17. Rfd1 Rac8 18. Be3 Be6 19. Bg5 Rxd1+ 20. Rxd1 Bxc3
21. bxc3 Kg7 22. Be3 Na4 23. Bd4+ Kf8 24. Rc1 b6 25. a3 Ke7 26. Bb5 Nc5 27. f3
h5 28. Re1 a6 29. Bf1 b5 30. f4 Na4 31. Re3 Nb2 32. Be2 Nc4 33. Bxc4 Rxc4 34.
g4 hxg4 35. hxg4 Kd7 36. g5 Kc6 37. Re5 Ra4 38. Kf2 Rxa3 39. Ke3 Ra2 40. Kd3
Bc4+ 41. Ke3 Re2+ 42. Kf3 Rxe5 43. Bxe5 a5 44. f5 a4 45. Bf4 gxf5 46. Bc1 Bd3
47. Kf4 Kc5 48. Ba3+ Kc4 49. Bb4 a3 50. Bxa3 Kxc3 51. Bc1 b4 52. Kf3 b3 53. Be3
Kc2 54. Bd4 b2 55. Bxb2 Kxb2 0-1

[Event "Madrid ch Veteranos 2324"]
[Site "Madrid ESP"]
[Date "2024.03.15"]
[Round "5.22"]
[White "Pareja Vicente, Antonio"]
[Black "Lobato Palomo, Manuel Angel"]
[Result "1/2-1/2"]
[WhiteElo "1869"]
[BlackElo "1804"]
[PlyCount "104"]
[EventDate "2024.03.11"]
[EventType "swiss"]
[EventRounds "9"]
[EventCountry "ESP"]
[SourceTitle "Ajedrez en Madrid"]
[Source "lmi"]
[SourceDate "2024.03.11"]
[SourceVersion "1"]
[SourceVersionDate "2024.03.23"]
[SourceQuality "1"]

1. e4 e6 2. d4 d5 3. Bd3 dxe4 4. Bxe4 Nf6 5. Bf3 c5 6. Ne2 Nc6 7. Be3 cxd4 8.
Nxd4 Ne5 9. O-O Be7 10. Be2 O-O 11. Nc3 Bd7 12. f4 Nc6 13. Nf3 a6 14. a3 Qc7
15. Bd3 h6 16. Ne4 Nxe4 17. Bxe4 Bf6 18. c3 Rfd8 19. Qe1 Ne7 20. Qf2 Qc8 21.
Bb6 Re8 22. Ne5 Bc6 23. Nxc6 bxc6 24. Rad1 Nd5 25. Bc5 Rd8 26. Rd2 Qb7 27. Rfd1
Qb3 28. f5 Qc4 29. Bd3 Qf4 30. fxe6 Qxf2+ 31. Kxf2 fxe6 32. Be4 Kf7 33. c4 Nf4
34. Rxd8 Rxd8 35. Rxd8 Bxd8 36. g3 Ng6 37. Bd6 Ne7 38. Ke3 Nf5+ 39. Bxf5 exf5
40. b4 Ke6 41. Bf8 Bf6 42. a4 h5 43. b5 cxb5 44. cxb5 axb5 45. axb5 Kd7 46. Kf4
g6 47. Bc5 Kc7 48. Ke3 Kb7 49. Kd3 h4 50. Kc4 hxg3 51. hxg3 Be5 52. Bf2 f4
1/2-1/2

[Event "Madrid ch Veteranos 2324"]
[Site "Madrid ESP"]
[Date "2024.03.15"]
[Round "5.23"]
[White "Barahona Torrijos, Angel"]
[Black "Infante Martin, Alonso"]
[Result "1-0"]
[WhiteElo "1833"]
[BlackElo "1618"]
[PlyCount "91"]
[EventDate "2024.03.11"]
[EventType "swiss"]
[EventRounds "9"]
[EventCountry "ESP"]
[SourceTitle "Ajedrez en Madrid"]
[Source "lmi"]
[SourceDate "2024.03.11"]
[SourceVersion "1"]
[SourceVersionDate "2024.03.23"]
[SourceQuality "1"]

1. e4 e5 2. Nf3 Nc6 3. Nc3 Nf6 4. Bb5 a6 5. Bxc6 dxc6 6. Nxe5 Be6 7. d3 Bc5 8.
Nf3 Bg4 9. h3 Bh5 10. e5 Nd7 11. Bf4 Qe7 12. O-O O-O-O 13. Ne4 Bb6 14. Ng3 Bxf3
15. Qxf3 Nxe5 16. Qe4 f6 17. Rae1 Rd4 18. Qf5+ Kb8 19. Bxe5 fxe5 20. Qxe5 Qd7
21. Qe7 Qc8 22. Re4 Rd7 23. Qe6 Qd8 24. Rfe1 Rf8 25. R1e2 g6 26. Nf1 Rdf7 27.
Ne3 Bc5 28. Qc4 Bxe3 29. R4xe3 Qg5 30. Qd4 b6 31. Kh2 Kb7 32. f3 Rf4 33. Qe5
Qxe5 34. Rxe5 a5 35. Re7 h6 36. Rh7 h5 37. Ree7 Rc8 38. Kg3 Rf6 39. Rhf7 Rd6
40. Kf4 Rd5 41. Rg7 Rd4+ 42. Kg5 Rd5+ 43. Kxg6 Rh8 44. Rxc7+ Ka6 45. Ra7+ Kb5
46. c4+ 1-0

[Event "Madrid ch Veteranos 2324"]
[Site "Madrid ESP"]
[Date "2024.03.15"]
[Round "5.24"]
[White "Garcia Santiago, Juan Carlos"]
[Black "Bermudez Melero, Fernando"]
[Result "1/2-1/2"]
[WhiteElo "1739"]
[BlackElo "1840"]
[PlyCount "45"]
[EventDate "2024.03.11"]
[EventType "swiss"]
[EventRounds "9"]
[EventCountry "ESP"]
[SourceTitle "Ajedrez en Madrid"]
[Source "lmi"]
[SourceDate "2024.03.11"]
[SourceVersion "1"]
[SourceVersionDate "2024.03.23"]
[SourceQuality "1"]

1. e4 c6 2. d4 d5 3. Nc3 dxe4 4. Nxe4 Nf6 5. Nxf6+ exf6 6. Nf3 Bd6 7. Be2 O-O
8. O-O Bg4 9. Re1 Re8 10. Be3 Nd7 11. c3 Qc7 12. h3 Bh5 13. Nd2 Bxe2 14. Rxe2
Re6 15. Qb3 Rae8 16. Rae1 f5 17. Nf3 f4 18. Ng5 fxe3 19. Nxe6 exf2+ 20. Kxf2
Bg3+ 21. Kg1 Rxe6 22. Rxe6 Bxe1 23. Rxe1 1/2-1/2